000 00665cab a2200265 4500
001 WB2504-43
008 090401t1989 xxu||||| |||| 00| 0 eng d
035 _a(Sirsi) u42237
041 _aeng
245 _aValuing commercial property
260 _c1989
350 _a0
490 _aFinancial Times
_v20/1/89 p12
520 _aExamines additional guidelines from the RICS on the valuation of assets .
650 _aHAMMERSON
650 _aLONDON SHOP
650 _aMERGERS
650 _aPEEL
650 _aRODAMCO
650 _aSPECIAL ASSUMPTION
650 _aTAKEOVERS
690 _aRATING AND VALUATION
942 _n0
948 _c04/03/1997
999 _c27127
_d27127